000 00419cam a2200169ua 4500
020 _c6.00
041 _amal
_h
082 _a934
_bWEL/LO
100 _aWells, H.G .
245 _aLokacharithra Samgraham /
_cH.G.Wells.
_hTextual Documents
260 _aKottayam :
_bSahitya Pravarthaka Co-operative Society ,
_c1957.
300 _a576 ; .
365 _a6.00
504 _a
942 _cBK
999 _c943
_d943